African mythology / (Record no. 31458)
[ view plain ]
| 000 -LEADER | |
|---|---|
| fixed length control field | 00727nam a2200253 4500 |
| 001 - CONTROL NUMBER | |
| control field | 31458 |
| 003 - CONTROL NUMBER IDENTIFIER | |
| rucl marc code | BD-RjUL |
| 005 - DATE AND TIME OF LATEST TRANSACTION | |
| control field | 20211209051714.0 |
| 008 - FIXED-LENGTH DATA ELEMENTS--GENERAL INFORMATION | |
| fixed length control field | 140416s1967 enkab 00110 eng |
| 020 ## - INTERNATIONAL STANDARD BOOK NUMBER | |
| International Standard Book Number | 0600000427 |
| 035 ## - SYSTEM CONTROL NUMBER | |
| System control number | (BD-RjUL)31546 |
| 040 ## - CATALOGING SOURCE | |
| Transcribing agency | WaSpCo |
| Original cataloging agency | WaSpCo |
| Language of cataloging | eng |
| Modifying agency | BD-RjUL |
| 041 ## - LANGUAGE CODE | |
| Language code of text/sound track or separate title | eng |
| 082 ## - DEWEY DECIMAL CLASSIFICATION NUMBER | |
| Classification number | 299.6 |
| Author mark and year | PAA 1967 |
| 100 10 - MAIN ENTRY--PERSONAL NAME | |
| Personal name | Parrinder, Geoffrey, |
| Dates associated with a name | 1910- |
| 9 (RLIN) | 95711 |
| 245 10 - TITLE STATEMENT | |
| Title | African mythology / |
| Statement of responsibility, etc. | by Geoffrey Parrinder. |
| 260 0# - PUBLICATION, DISTRIBUTION, ETC. (IMPRINT) | |
| Place of publication, distribution, etc. | London : |
| Name of publisher, distributor, etc. | Hamlyn, |
| Date of publication, distribution, etc. | c 1967. |
| 300 ## - PHYSICAL DESCRIPTION | |
| Pagination | 5-141 p. : |
| Illustrations | illus. (incl. 27 col.), map. ; |
| Size | 29 cm. |
| 500 ## - GENERAL NOTE | |
| General note | Illus. on lining papers. |
| 504 ## - BIBLIOGRAPHY, ETC. NOTE | |
| Bibliography, etc | Bibliography: p. [140] |
| 650 #0 - SUBJECT ADDED ENTRY--TOPICAL TERM | |
| Topical term or geographic name as entry element | Mythology, African. |
| 9 (RLIN) | 95712 |
| 942 ## - ADDED ENTRY ELEMENTS (KOHA) | |
| Source of classification or shelving scheme | Dewey Decimal Classification |
| Koha item type | Books |
| Lost status | Source of classification or shelving scheme | Damaged status | Not for loan | Permanent Location | Current Location | Shelving location | Date acquired | Source of acquisition | Cost, normal purchase price | Total Checkouts | Full call number | Date last seen | Copy number | Koha item type |
|---|---|---|---|---|---|---|---|---|---|---|---|---|---|---|
| Dewey Decimal Classification | Not For Loan | Central Library, University of Rajshahi | Central Library, University of Rajshahi | Reading Room | 30/01/1970 | London Book | 14.00 | 299.6 PAA 1967 | 16/04/2014 | C-1 | Books |